MARC details
| 000 -CABECERA |
| campo de control de longitud fija |
01161cam a2200301 a 4500 |
| 001 - NÚMERO DE CONTROL |
| campo de control |
000015450 |
| 005 - FECHA Y HORA DE LA ÚLTIMA TRANSACCIÓN |
| campo de control |
20200929164038.0 |
| 008 - DATOS DE LONGITUD FIJA--INFORMACIÓN GENERAL |
| campo de control de longitud fija |
971201s1994 sp 000 0 spa |
| 010 ## - NÚMERO DE CONTROL DE LA BIBLIOTECA DEL CONGRESO |
| Número de control de LC |
97219951 |
| 020 ## - NÚMERO INTERNACIONAL ESTÁNDAR DEL LIBRO |
| Número Internacional Estándar del Libro |
8478202153 |
| 035 ## - NÚMERO DE CONTROL DEL SISTEMA |
| Número de control de sistema |
(SpBaP)pu 950003266 |
| 040 ## - FUENTE DE LA CATALOGACIÓN |
| Centro catalogador/agencia de origen |
DO-SdBNP |
| Lengua de catalogación |
spa |
| Centro/agencia transcriptor |
BNPHU |
| 082 ## - NÚMERO DE LA CLASIFICACIÓN DECIMAL DEWEY |
| Número de clasificación |
150 |
| Número de documento/Ítem |
I12p |
| 049 ## - FONDOS LOCALES (OCLC) |
| Fondos de biblioteca |
BNGR |
| 100 1# - ENTRADA PRINCIPAL--NOMBRE DE PERSONA |
| Nombre de persona |
Ibarz Serrat, Virgilio. |
| Fechas asociadas al nombre |
1950 - |
| 9 (RLIN) |
34902 |
| 245 13 - MENCIÓN DE TÍTULO |
| Título |
La psicología en la obra de Santiago Ramón y Cajal / |
| Mención de responsabilidad, etc. |
Virgilio Ibarz Serrat ; prólogo Manuel Villegas Besora. |
| 260 ## - PUBLICACIÓN, DISTRIBUCIÓN, ETC. |
| Lugar de publicación, distribución, etc. |
Zaragoza : |
| Nombre del editor, distribuidor, etc. |
Institucion "Fernando el Católico", |
| Fecha de publicación, distribución, etc. |
1994. |
| 300 ## - DESCRIPCIÓN FÍSICA |
| Extensión |
213 p. ; |
| Dimensiones |
31 cm. |
| 490 1# - MENCIÓN DE SERIE |
| Mención de serie |
Institución "Fernando el Católico" |
| Designación de volumen o secuencia |
1652 |
| 500 ## - NOTA GENERAL |
| Nota general |
Incluye nota de postedición (p. 207) |
| 500 ## - NOTA GENERAL |
| Nota general |
Incluye datos biográficos del autor en la solapa de la cubierta. |
| 504 ## - NOTA DE BIBLIOGRAFÍA, ETC. |
| Nota de bibliografía, etc. |
Incluye referencias bibliográficas 193 -203. |
| 650 10 - PUNTO DE ACCESO ADICIONAL DE MATERIA--TÉRMINO DE MATERIA |
| Término de materia o nombre geográfico como elemento de entrada |
Ramón y cajal, santiago |
| Fechas vigentes |
1852-1934 |
| Subdivisión general |
Crítica e interpretación |
| 9 (RLIN) |
34903 |
| 653 ## - TÉRMINO DE INDIZACIÓN--NO CONTROLADO |
| Término no controlado |
PSICOLOGÍA |
| 700 1# - PUNTO DE ACCESO ADICIONAL--NOMBRE DE PERSONA |
| Nombre de persona |
Villegas Besora, Manuel, |
| Término indicativo de función/relación |
pról. |
| 9 (RLIN) |
34904 |
| 830 #0 - PUNTO DE ACCESO ADICIONAL DE SERIE-TÍTULO UNIFORME |
| Título uniforme |
Institución "Fernando el Católico" ; |
| Designación de volumen o secuencia |
1652 |
| 9 (RLIN) |
16722 |
| 910 ## - DATOS DE OPCIÓN DEL USUARIO (OCLC) |
| Datos de opción del usuario |
Catalogación por copia / LC |